| 000 | 00567nam a2200229Ia 4500 | ||
|---|---|---|---|
| 003 | 0100 | ||
| 008 | 130303s9999 xx 000 0 und d | ||
| 020 | _a0155383175 | ||
| 040 | _cARRUPELIB | ||
| 050 | _aB72.J652 1969 | ||
| 100 | _aJones, W. T | ||
| 245 | 4 | _aThe Twentieth Century to Wittgenstein and Sartre | |
| 245 | _bA history of Western philosophy | ||
| 250 | _a2nd ed., Revised | ||
| 260 | _aNew York | ||
| 260 | _bHarcourt Brace Jovanovich | ||
| 260 | _C1969 | ||
| 300 | _axvii | ||
| 300 | _b 435p. 23cm. | ||
| 650 | _bToleration | ||
| 942 | 0 | 0 | _04 |
| 999 |
_c35232 _d35232 |
||